Environment and philosophy

Αποθηκεύτηκε σε:
Λεπτομέρειες βιβλιογραφικής εγγραφής
Κύριος συγγραφέας: Pratt, Vernon 1943-
Άλλοι συγγραφείς: Howarth, Jane, Brady, Emily
Μορφή: Βιβλίο
Γλώσσα:English
Δημοσίευση: London : Routledge, 2000
Σειρά:Routledge introductions to environment series
Θέματα:
Ετικέτες: Προσθήκη ετικέτας
Δεν υπάρχουν, Καταχωρήστε ετικέτα πρώτοι!

MARC

LEADER 00000nam a2200000 i 4500
001 1/93194
008 080904s2000 eng d
020 |a 978-0-415-14511-4 (pbk.) 
020 |a 0-415-14511-2 (pbk.) 
035 |l 10099904 
040 |a GR-MY-UA  |b gre  |e aacr 
041 0 |a eng 
082 0 |a 304.201  |2 (22) 
100 1 |a Pratt, Vernon  |d 1943- 
245 1 0 |a Environment and philosophy /  |c Vernon Pratt with Jane Howarth and Emily Brady 
260 |a London :   |b Routledge,   |c 2000 
300 |a xii, 175 σ.;  |b εικ.;  |c 24 εκ. 
490 1 |a Routledge introductions to environment series 
504 |a Περιέχει βιβλιογραφικές παραπομπές και ευρετήριο 
650 0 0 |a Environmental sciences  |x Philosophy. 
700 1 |a Howarth, Jane. 
700 1 |a Brady, Emily. 
830 0 |a Routledge introductions to environment series 
852 |a INST  |b LESVOS  |e 20080904  |h 304.201 PRA  |p 005100042059  |q 005100042059  |t BK  |y 0 
852 |a INST  |b LESVOS  |e 20090318  |h 304.201 PRA  |p 005100044620  |q 005100044620  |t BK  |y 0 
901 |a BIBL1-2008-3 
901 |a BIBL1-2009-1 
909 |a Λ  |b 152397 
909 |a Λ  |b 154058 
922 |a 1ΕΛΗ  |b 200803  |c ΕΠΕΑΕΚ2/ΤΠ  |d ΕΛΕΥΘΕΡΟΥΔΑΚΗΣ 
922 |a 1ΕΛΗ  |b 200809  |c ΕΠΕΑΕΚ2/ΤΠ  |d ΜΙΧΑΛΟΠΟΥΛΟΣ 
970 |a ΓΙΑΛΑΜΑ  |b ΜΑΡΙΑ  |z 2008/09/04